000 00633nam a2200181Ia 4500
008 100920s9999 xx 000 0 und d
082 _b63010
_a61 थ 63
100 _aजोशी स.कृ.
245 _aकळसाची चमक.
260 _bवोरा ऍण्ड कंपनी पब्लिशर्स प्रा. लि., मंुबई 2.
_c1963
300 _a104
_bसाधी
365 _b2
520 _aस्थानिक वाचन.
630 _aकळसाची चमक.
650 _aस्थानिक वाचन.
730 _aकळसाची चमक.
942 _cBOOK
999 _c706096
_d706093